000 03908nab a2200337 i 4500
003 BR-BrBNA
005 20240527131146.0
008 240527b2022 bl.ar|pooa||| 00| 0 eng |
040 _aBR-BrBNA
_beng
072 _aL73
_b5300
072 _aL70
100 _aFerreira, Maicom Vinícios
100 _aGava, Danielle
100 _aSchaefe, Rejane
100 _aPierozan, Ricardo Luis
100 _aZanella, Janice Reis Ciacci
245 _aInfluenza A virus circulation in pig nurseries in the state of Santa Catarina, Brazil
500 _a Publicação on-line; 32 ref.; Summaries (En, Pt)
520 _a Abstract – The objective of this work was to evaluate the infection caused by influenza A virus (IAV) subtypes and its incidence in pig nurseries in the state of Santa Catarina, Brazil. A total of 423 nursery pigs were sampled in 11 farms, and IAV circulation, viral RNA, and antibodies were identified. Reverse transcriptase quantitative polymerase chain reaction (RT-qPCR) was used to detect viral RNA in nasal swab samples (70.2%) and to subtype 33 viruses, of which 18 (54.5%) from six nurseries were the H3N2 virus, 6 (18.1%) from two nurseries were H1N1pdm, and 9 (27.2%) from three nurseries could not be subtyped. The enzyme-linked immunosorbent assay (ELISA) detected the presence of IAV antibodies (68%), which was confirmed by the hemagglutination inhibition test, revealing a higher prevalence of antibodies for the H3N2 virus (38.0%), followed by H1N1pdm (23.8%) and H1N2 (3.23%). The obtained data showed that 10.3% of the swine reacted to at least two viral antigens. There is a high prevalence of influenza A virus infection in all 11 piglets nurseries sampled by viral RNA and antibody detection. H3N2 and H1N1pdm, in this order, are the most detected viral subtypes in the 11 sampled nurseries. Index terms: Sus scrofa domesticus, respiratory diseases, viral diseases, zoonosis.
520 _a Resumo – O objetivo deste trabalho foi avaliar a infecção por subtipos do vírus influenza A (IAV) e a sua incidência em creches de suínos, no estado de Santa Catarina, Brasil. Foram amostrados 423 leitões de creche em 11 granjas, e foram identificados circulação de IAV, RNA viral e anticorpos. A transcriptase reversa seguida de quantificação por reação em cadeia da polimerase (RT-qPCR) foi utilizada para detectar o RNA viral em amostras de swab nasal (70,2%) e para subtipar 33 vírus, dos quais 18 (54,5%) de seis creches eram o vírus H3N2, 6 (18,1%) de duas creches eram o H1N1pdm e 9 (27,2%) de três creches não puderam ser subtipificados. O ensaio de imunoabsorção enzimática (ELISA) detectou a presença de anticorpos IAV (68%), a qual foi confirmada pelo teste de inibição da hemaglutinação, tendo revelado maior prevalência de anticorpos para o vírus H3N2 (38,0%), seguido por H1N1pdm (23,8%) e H1N2 (3,23%). Os dados obtidos mostraram que 10,3% dos suínos reagiram a pelo menos dois antígenos virais. Há alta prevalência de infecção pelo vírus influenza A em todas as 11 creches de leitões amostradas por RNA viral e detecção de anticorpos. H3N2 e H1N1pdm, nesta ordem, são os subtipos virais mais detectados nas 11 creches amostradas. Termos para indexação: Sus scrofa domesticus, doenças respiratórias, doenças virais, zoonose.
650 _aSUÍNO
650 _aGRANJA
650 _aZOONOSE
650 _aDOENÇA RESPIRATÓRIA
650 _aVÍRUS
650 _aINSPEÇÃO SANITÁRIA
773 0 _0920
_925802
_dBrasília-DF Empresa Brasileira de Pesquisa Agropecuária - EMBRAPA 1966-
_o2023-436358
_tPesquisa Agropecuária Brasileira (Brazil)
_x0100-204X
_gv. 57 p. 1-7; (2022)
_wBR2024001238
856 _uhttps://www.scielo.br/j/pab/a/HpP9K3J85pGNfxsQX5nKqWt/?format=pdf&lang=en
942 _cAnalítica
999 _c299789
_d299789